000 00480nam a22001571a 4500
020 _a9788174881564
082 _a294.303
_bNAG/I
245 _aInternational encyclopaedia of buddhism (v.37 : Indonesia and Iran/)
_cby Nagendra Kumar Singh (ed.)
260 _aNew Delhi:
_bAnmol,
_c1996.
300 _a139+113p.
650 _aEncyclopaedia Buddhism
_9127893
650 _aBuddhism Iran
_9127894
650 _aBuddhism Indonesia
_9127895
650 _aReligion
_9127896
942 _cBK
999 _c20372
_d20372